| 000 | 00570nat a2200217Ia 4500 | ||
|---|---|---|---|
| 001 | 17149 | ||
| 003 | AR-BaAGN | ||
| 005 | 20231117120912.0 | ||
| 007 | ta | ||
| 008 | 211213nuuuuuuuuxx |||||||||||||| ||spa d | ||
| 040 |
_eaacr _aAR-BaAGN _bspa |
||
| 100 | 1 | _aEchagüe, Goyo | |
| 245 | 1 | 0 | _aVersos. |
| 264 |
_a[Lugar de publicación no identificado], _c[fecha de publicación no identificada] |
||
| 300 |
_a1 volumen : _bmecanografiado |
||
| 336 |
_2rdacontent _btxt |
||
| 337 |
_2rdamedia _bn |
||
| 338 |
_2rdacarrier _bnc |
||
| 942 |
_n0 _cMANUSCRITO |
||
| 999 |
_c17149 _d17149 |
||